000 00624nam a2200217 i 4500
001 bg
100 1 _aGóralski, Andrzej
_d(1936- ).
245 0 _aTwórcze rozwiązywanie zadań /
_cAndrzej Góralski.
250 _aWyd. 2 uzup.
260 _aWarszawa :
_bPańst. Wydaw. Naukowe,
_c1989.
300 _a444, [4] s. :
_brys. ;
_c20 cm.
490 1 _aBiblioteka Problemów,
_x0137-5032 ;
_vt. 267
830 _aBiblioteka Problemów,
_x0137-5032 ;
020 _a8301092602
040 _cBPK
041 _apol
080 _a167/168
920 _a83-01-09260-2
942 _cKS
008 s pl f |000 0 pol
999 _c29054
_d29054
856 _uhttp://koha.tu.koszalin.pl/cgi-bin/koha/opac-detail.pl?biblionumber=29054
_yKatalog online BPK